Návrh odovzdávacej stanice tepla pre polyfunkčný objekt v centre mesta

Gespeichert in:
Bibliographische Detailangaben
1. Verfasser: Hanušovský, Andrej (Verfasst von)
Weitere Verfasser: Muškát, Peter (Betreuung Doktorarbeit)
Format: Manuskript Buch
Sprache:Slowakisch
Veröffentlicht: 2015
Schlagworte:
Online-Zugang:http://is.stuba.sk/zp/portal_zp.pl?podrobnosti=99054
Tags: Tag hinzufügen
Keine Tags, Fügen Sie das erste Tag hinzu!

MARC

LEADER 00000ntm a22000003a 4500
001 stuzp51817
003 SK-STU
005 20160719153956.3
007 ta
008 150427s2015----xo-----f-mn---000-0-slo-d
040 |a STU  |b slo 
041 0 |a slo 
100 1 |a Hanušovský, Andrej  |u 020060  |4 aut  |U SjF Strojnícka fakulta  |T SjF Ústav tepelnej energetiky  |X 55022  |U J0060  |Y 805  |7 55022 
242 0 1 |a Design heat exchanger station for multifunctional building in the city center  |y eng 
245 1 0 |a Návrh odovzdávacej stanice tepla pre polyfunkčný objekt v centre mesta 
260 |c 2015 
650 4 |a odovzdávacia stanice tepla  |2 slo 
650 4 |a výmenník tepla  |2 slo 
650 4 |a tepelné straty budov  |2 slo 
650 4 |a heat exchanger station  |2 eng 
650 4 |a heat exchanger  |2 eng 
650 4 |a heat losses of buildings  |2 eng 
700 1 |a Muškát, Peter  |4 ths  |X 5022  |7 A00005022 
856 4 |u http://is.stuba.sk/zp/portal_zp.pl?podrobnosti=99054 
996 |c J* 2006/BP  |l JJSK  |s A  |a 24  |w stuzp51817_0001 
SQL |a stuzp51817  |b DBP  |c SLO  |d Návrh odovzdávacej stanice tepla pre polyfunkčný objekt v centre mesta  |e 55022  |f Hanušovský, Andrej  |g 020060  |h 5022  |i Muškát, Peter  |j 20150615  |k 44  |l 02  |m http://is.stuba.sk/zp/portal_zp.pl?podrobnosti=99054  |n B-ESTR  |o 5.2.29. energetika